Candidats aux Élections Municipales 2026 par images - Statistiques

Statistiques générales
  • Ce quiz a été pris 125 fois
  • Le résultat moyen est 19 sur 24
Statistiques - réponses
Par images Hint Réponse % Correct
Paris - Paris 7ème Rachida Dati
100%
Nice Eric Ciotti
98%
Pau François Bayrou
98%
Le Havre Édouard Philippe
96%
Bordeaux Philippe Poutou
95%
Menton Louis Sarkozy
91%
Paris - Paris 16ème Sarah Knafo
91%
Saint Amand les Eaux Fabien Roussel
90%
Yerres Nicolas Dupont-Aignan
89%
Marseille Sebastien Delogu
89%
Pantin Nathalie Arthaud
87%
Lyon Jean-Michel Aulas
84%
Paris Emmanuel Grégoire
83%
Béziers Robert Ménard
78%
Meaux Jean-François Copé
74%
Perpignan Louis Aliot
70%
Montpellier Rémi Gaillard
69%
Marseille Benoît Payan
68%
Roubaix David Guiraud
63%
Toulon Laure Lavalette
63%
Cannes David Lisnard
62%
Lyon Grégory Doucet
60%
Troyes François Baroin
48%
Biarritz Serge Blanco
36%
Aucun quiz correspondant
Distribution des résultats
% des personnes avec chaque résultat
Percentile par nombre de réponses
Votre historique - résultats
Vous n’avez pas pris ce quiz